Operation Siachin / (Record no. 187804)

000 -LEADER
fixed length control field 00347 a2200145 4500
003 - CONTROL NUMBER IDENTIFIER
control field Nust
005 - DATE AND TIME OF LATEST TRANSACTION
control field 20230316141344.0
040 ## - CATALOGING SOURCE
Transcribing agency Nust
082 ## - DEWEY DECIMAL CLASSIFICATION NUMBER
Classification number 355.02,DOG
100 ## - MAIN ENTRY--PERSONAL NAME
Personal name Dogar, Rafiq
9 (RLIN) 110452
245 ## - TITLE STATEMENT
Title Operation Siachin /
Statement of responsibility, etc. Rafique Dogar
260 ## - PUBLICATION, DISTRIBUTION, ETC.
Place of publication, distribution, etc. Lahore
Name of publisher, distributor, etc. Jang Pub
650 ## - SUBJECT ADDED ENTRY--TOPICAL TERM
Topical term or geographic name entry element War,Operation
9 (RLIN) 110453
942 ## - ADDED ENTRY ELEMENTS (KOHA)
Source of classification or shelving scheme
Koha item type Book
Call number prefix 355.02,DOG
Holdings
Withdrawn status Lost status Source of classification or shelving scheme Damaged status Not for loan Permanent Location Current Location Shelving location Date acquired Full call number Barcode Date last seen Price effective from Koha item type Public note
          Military College of Signals (MCS) Military College of Signals (MCS) General Stacks 12/12/2016 355.02,DOG MCS33984 12/08/2016 12/12/2016 Book Almirah No 64, Shelf No 5
© 2023 Central Library, National University of Sciences and Technology. All Rights Reserved.